| 000 | 00356nam a22001457a 4500 | ||
|---|---|---|---|
| 020 | _qPB. | ||
| 040 | _cFIZZA ISHAQ | ||
| 082 |
_a620.004 _bTJE |
||
| 100 |
_aJEYAPOOVAN,T. _956658 |
||
| 245 |
_aENGINEERING GRAPHICS USING AUTO CAD / _cT JEYAPOOVAN. |
||
| 250 | _a7TH ED. | ||
| 260 |
_aNEW DELHI ; _bVIKAS, _c2015. |
||
| 300 | _a616 P. ; | ||
| 942 |
_2ddc _cBK |
||
| 999 |
_c593795 _d593795 |
||